| Tag |
First Indicator |
Second Indicator |
Subfields |
| LEADER |
00000cam a2200000Ia 4500 |
| 001 |
in00002416640 |
| 005 |
20151109135311.0 |
| 008 |
060626s2005 nyu 000 1 eng |
| 020 |
|
|
|a 1904619134 (hrd.)
|
| 020 |
|
|
|a 9781904619130 (hrd.)
|
| 020 |
|
|
|a 1904619126 (pbk.)
|
| 020 |
|
|
|a 9781904619123 (pbk.)
|
| 035 |
|
|
|a (OCoLC)ocm70186846
|
| 035 |
|
|
|a (OCoLC)70186846
|
| 040 |
|
|
|a CRU
|c CRU
|d CRU
|d TXA
|d UtOrBLW
|
| 049 |
|
|
|a TXAM
|
| 090 |
|
|
|a PR9199.4.E745
|b F57 2005
|
| 100 |
1 |
|
|a Erikson, Steven.
|
| 245 |
1 |
0 |
|a Fishin' with Grandma Matchie /
|c Steven Erikson ; introduction by Graham Joyce.
|
| 264 |
|
1 |
|a Hornsea :
|b PS Publishing,
|c 2005.
|
| 300 |
|
|
|a viii, 91p. ;
|c 22 cm.
|
| 336 |
|
|
|a text
|b txt
|2 rdacontent
|
| 337 |
|
|
|a unmediated
|b n
|2 rdamedia
|
| 338 |
|
|
|a volume
|b nc
|2 rdacarrier
|
| 500 |
|
|
|a Jacket illustration by Edward Miller.
|
| 500 |
|
|
|a "This edition is limited to 400 numbered hardcover copies and 500 numbered paperback copies."
|
| 700 |
1 |
|
|a Miller, Edward,
|d 1949 September 9.
|
| 700 |
1 |
|
|a Joyce, Graham,
|d 1954-2014.
|
| 948 |
|
|
|a cataloged
|b h
|c 2008/10/10
|d c
|e ceaton
|f 11:16:13 am
|
| 994 |
|
|
|a C0
|b TXA
|
| 999 |
|
|
|a MARS
|
| 999 |
f |
f |
|s 157355e9-5494-35c3-9a17-5238b3bc0abd
|i 76cedd05-eae1-3de4-b4aa-3f343010fb4e
|t 0
|
| 952 |
f |
f |
|p noncirc
|a Texas A&M University
|b College Station
|c Cushing Memorial Library & Archives
|d Cushing: Science Fiction (Does not check out)
|t 0
|e PR9199.4.E745 F57 2005
|h Library of Congress classification
|i unmediated -- volume
|
| 998 |
f |
f |
|a PR9199.4.E745 F57 2005
|t 0
|l Cushing: Science Fiction (Does not check out)
|